Language Quiz

Random Language or Letter Quiz
Score 0/10 Timer 02:00
2 Plays Today
Clue K-Word % Correct
The symbol for the element potassiumK
100%
0.621371 mileskilometer
93.4%
A baby goatkid
88.9%
A shelter for a dog or catkennel
82.9%
A bag strapped to the back for carrying personal belongingsknapsack
80.8%
When a soldier has a detail helping cooks in the mess hallKP
75.6%
Protuberance of bones near a joint, like on the fingerknuckle
73.5%
An instrument that turns voice into a buzzing soundkazoo
63.1%
The center member of a boat hullkeel
53.5%
An Australian kingfisher known for its call that sounds like a laughkookaburra
42.8%
Remove Ads.
Support Sporcle.
Get the best of Sporcle when you Go Orange. This ad-free experience offers more features, more stats, and more fun while also helping to support Sporcle. Thank you for becoming a member.

You're not logged in!

Compare scores with friends on all Sporcle quizzes.
OR
Log In

Sporcle TV

Today on Sporcle TV


Watch our educational content, quiz creation guides, and fun videos on Sporcle TV.

Show Comments

Extras

Top Quizzes Today


Score Distribution

Paid Content

Your Account Isn't Verified!

In order to create a playlist on Sporcle, you need to verify the email address you used during registration. Go to your Sporcle Settings to finish the process.

Report this User

Report this user for behavior that violates our Community Guidelines.

Details: